000
00321nam a22001457a 4500
003
SGT
020
_a
9780140271171
082
_a
923.154
_b
T98R
100
_a
RAO, P.V. NARSIMHA
245
_a
THE INSIDER
260
_a
INDIA
_b
PENGUIN BOOKS
_c
1998
300
_a
833
650
_a
PRIME MINISTER OF INDIA
942
_2
ddc
_c
BK
999
_c
25877
_d
25877